Faculty of Law Library — Cairo University

Official Online Catalog

Traite Des Infractions De La Parole De L'éCriture Et De La Presse. (Record no. 72050)

MARC details
000 -LEADER
fixed length control field 01386nam a2200325 i 4500
003 - CONTROL NUMBER IDENTIFIER
control field EG-GICUC
005 - DATE AND TIME OF LATEST TRANSACTION
control field 20260419212357.0
008 - FIXED-LENGTH DATA ELEMENTS--GENERAL INFORMATION
fixed length control field 260419s1884 fr |||f |||| 00| 0 fre d
040 ## - CATALOGING SOURCE
Original cataloging agency EG-GICUC
Transcribing agency EG-GICUC
Modifying agency EG-GICUC
Language of cataloging fre
Description conventions rda
041 0# - LANGUAGE CODE
Language code of text/sound track or separate title fre
082 04 - DEWEY DECIMAL CLASSIFICATION NUMBER
Classification number 343.452
Edition number 21
092 04 - LOCALLY ASSIGNED DEWEY CALL NUMBER (OCLC)
Edition number 21
099 ## - LOCAL FREE-TEXT CALL NUMBER (OCLC)
Classification number Law1 10 343.452 FA . T 1884 B1009192 C1
100 1# - MAIN ENTRY--PERSONAL NAME
Personal name Fabreguettes, M. P.
Relator term Auteur
245 10 - TITLE STATEMENT
Title Traite Des Infractions De La Parole De L'éCriture Et De La Presse.
Number of part/section of a work Tome Deuxième /
Statement of responsibility, etc. M. P. Fabreguettes.
264 #0 - PRODUCTION, PUBLICATION, DISTRIBUTION, MANUFACTURE, AND COPYRIGHT NOTICE
Place of production, publication, distribution, manufacture Paris :
Name of producer, publisher, distributor, manufacturer Librairie A. Marescq Ainé,
Date of production, publication, distribution, manufacture, or copyright notice 1884.
300 ## - PHYSICAL DESCRIPTION
Extent 590 pages
Dimensions 30 cm
336 ## - CONTENT TYPE
Content type term texte
Source rda contenu
337 ## - MEDIA TYPE
Media type term Ordinateur
Source rda medias
338 ## - CARRIER TYPE
Carrier type term Ressource en ligne
Source transporteur rda
500 ## - GENERAL NOTE
General note Renfermant, avec le dernier état de la jurisprudence, le commentaire general et complet des lois du 29 juillet 1881, aout 1882; du projet de loi vote en premiere lecture le 16 fevrier 1884, ainsi que tous les textes du code pénal<br/>ou des lois spéciales se rattachant aux délits et contraventions de la parole, de l'écriture et de la presse
504 ## - BIBLIOGRAPHY, ETC. NOTE
Bibliography, etc. note Comprend des références bibliographiques.
546 ## - LANGUAGE NOTE
Language note Texte en français
650 04 - SUBJECT ADDED ENTRY--TOPICAL TERM
Topical term or geographic name entry element Droit pénal
Source of heading or term qrmak
651 1# - SUBJECT ADDED ENTRY--GEOGRAPHIC NAME
Source of heading or term qrmak
856 ## - ELECTRONIC LOCATION AND ACCESS
Uniform Resource Identifier <a href="https://fll.law.cu.edu.eg/fulltext/th/B10-09192.pdf">https://fll.law.cu.edu.eg/fulltext/th/B10-09192.pdf</a>
900 ## - EQUIVALENCE OR CROSS-REFERENCE-PERSONAL NAME [LOCAL, CANADA]
Numeration 01-01-2023
905 ## - Cataloger and Reviser Names
Cataloger Name: Nora Khalil
942 ## - ADDED ENTRY ELEMENTS (KOHA)
Source of classification or shelving scheme Dewey Decimal Classification
Koha item type Books
Edition 21
Suppress in OPAC No
Holdings
Withdrawn status Lost status Source of classification or shelving scheme Damaged status Not for loan Collection Home library Current library Date acquired Total checkouts Full call number Barcode Date last seen Price effective from Koha item type
    Dewey Decimal Classification   Not for loan القانون الجنائي جــــامعة القــاهرة مكتبة كلية الحقوق - المبنى الرئيسي 19.04.2026   Law1 10 343.452 FA . T 1884 B1009192 C1 B10-09192 19.04.2026 19.04.2026 Books

© All rights reserved — Faculty of Law, Cairo University